| Tag |
First Indicator |
Second Indicator |
Subfields |
| LEADER |
00000cam a22000001i 4500 |
| 001 |
in00000080499 |
| 008 |
720124s1962 nyuafh b 000 0 eng |
| 005 |
20250306174822.7 |
| 010 |
|
|
|a 62051898
|
| 035 |
|
|
|a (OCoLC)ocm00225736
|
| 035 |
|
|
|a (OCoLC)225736
|
| 035 |
|
|
|a (OCoLC)ocm00225736
|
| 035 |
|
|
|9 AAH5503AM
|
| 040 |
|
|
|a DLC
|b eng
|c DLC
|d CSU
|d RMC
|d NLGGC
|d BRL
|d JBG
|d OCLCQ
|d OCLCO
|d P4I
|d OCLCQ
|d OCLCO
|d OCLCQ
|d OCLCF
|d IL4J6
|d OCLCO
|d OCLCL
|d OCLCQ
|d TXA
|
| 042 |
|
|
|a premarc
|
| 050 |
0 |
0 |
|a ND3357.Y6
|b B6
|
| 082 |
0 |
4 |
|a 096
|
| 084 |
|
|
|a 06.15
|2 bcl
|
| 100 |
1 |
|
|a Boase, T. S. R.
|q (Thomas Sherrer Ross),
|d 1898-1974.
|1 https://id.oclc.org/worldcat/entity/E39PBJgCJfFbdfCBMkq93Dbjmd
|
| 245 |
1 |
4 |
|a The York Psalter in the Library of the Hunterian Museum, Glasgow /
|c with an introduction and notes by T. S. R. Boase.
|
| 264 |
|
1 |
|a New York :
|b Thomas Yoseloff,
|c [1962]
|
| 300 |
|
|
|a 32 pages, 8 mounted plates :
|b 8 mounted color illustrations, facsimiles ;
|c 29 cm
|
| 336 |
|
|
|a text
|b txt
|2 rdacontent
|
| 337 |
|
|
|a unmediated
|b n
|2 rdamedia
|
| 338 |
|
|
|a volume
|b nc
|2 rdacarrier
|
| 490 |
1 |
|
|a The Library of illuminated manuscripts
|
| 504 |
|
|
|a Includes bibliographical references (page 32).
|
| 610 |
2 |
0 |
|a Catholic Church.
|t Psalter (York Psalter)
|
| 650 |
|
0 |
|a Illumination of books and manuscripts
|v Specimens.
|
| 650 |
|
7 |
|a Illumination of books and manuscripts.
|2 fast
|0 (OCoLC)fst00967235
|
| 650 |
|
7 |
|a Liturgics.
|2 fast
|0 (OCoLC)fst01000579
|
| 650 |
1 |
7 |
|a York Psalter.
|2 gtt
|
| 650 |
1 |
7 |
|a Miniaturen (handschriften)
|2 gtt
|
| 610 |
2 |
7 |
|a Catholic Church.
|t Psalter (Ms. York Psalter)
|2 nli
|
| 650 |
|
7 |
|a Illumination of books and manuscripts
|v Facsimiles.
|2 nli
|
| 655 |
|
7 |
|a Specimens.
|2 fast
|0 (OCoLC)fst01423861
|
| 655 |
|
7 |
|a Psalters.
|2 lcgft
|
| 710 |
2 |
|
|a Thomas Yoseloff, Ltd.
|
| 776 |
0 |
8 |
|i Online version:
|a Boase, T.S.R. (Thomas Sherrer Ross), 1898-1974.
|t York Psalter in the Library of the Hunterian Museum, Glasgow.
|d New York, T. Yoseloff [1962]
|w (OCoLC)741886419
|
| 830 |
|
0 |
|a Library of illuminated manuscripts.
|
| 948 |
|
|
|h HELD BY TXA - 285 OTHER HOLDINGS
|
| 994 |
|
|
|a Z0
|b TXA
|
| 999 |
f |
f |
|s ee00529d-aa5a-3dd4-8730-b366cb174a53
|i 6106d34a-fe42-3475-8099-5b7d08e83be5
|t 0
|
| 952 |
f |
f |
|p ric
|a Texas A&M University
|b Rellis Campus
|c Joint Library Facility
|d Remote Storage
|t 0
|e ND3357.Y6 B6
|h Library of Congress classification
|i unmediated -- volume
|m A14800503819
|
| 952 |
f |
f |
|p noncirc
|a Texas A&M University
|b J.J. Pickle Campus
|c High Density Repository
|d Remote Storage
|t 0
|e ND3357.Y6 B6 1962
|h Library of Congress classification
|i unmediated -- volume
|m A1485390429C
|
| 998 |
f |
f |
|a ND3357.Y6 B6
|t 0
|l Remote Storage
|
| 998 |
f |
f |
|a ND3357.Y6 B6 1962
|t 0
|l Remote Storage
|